| 000 | 00592nam a22002057a 4500 | ||
|---|---|---|---|
| 005 | 20230227040000.0 | ||
| 008 | 230227b |||||||| |||| 00| 0 eng d | ||
| 020 | _a978-1-63549-641-3 | ||
| 082 | _a646.2 Se517 2017 | ||
| 100 |
_aSmith, Anna _eeditor |
||
| 245 |
_aSewing for beginners: _bstep-by-step basics / _cedited by Anna Smith |
||
| 260 |
_aNew York: _bLarsen and Keller, _cc2017 |
||
| 300 |
_avi, 238p.: _bcol. ill. |
||
| 504 | _aIncludes index | ||
| 541 | _e5997 | ||
| 650 | _aSewing | ||
| 650 | _aStitches (Sewing) | ||
| 650 | _aDressmaking - Patterns | ||
| 650 | _aSewing machines | ||
| 999 |
_c1435 _d1435 |
||